Рыжий: Повесть и рассказы; Для среднего и старшего школьного возраста

Detalles Bibliográficos
Autor principal: Боровский Ф. М. Федор Моисеевич
Otros Autores: Сергеев Д. (автор послесловия), Синишина М. Е. (иллюстратор)
Lenguaje:ruso
Publicado: Иркутск, Восточно-Сибирское кн. изд-во, 1984
Materias:
Formato: MixedMaterials Libro
KOHA link:https://koha.lib.tpu.ru/cgi-bin/koha/opac-detail.pl?biblionumber=133689

MARC

LEADER 00000nam0a2200000 4500
001 133689
005 20231031135417.0
020 |a RU  |b 84-25606 
035 |a (RuTPU)RU\TPU\book\144908 
090 |a 133689 
100 |a 20080320d1984 d y0rusy5003 ca 
101 0 |a rus 
102 |a RU 
105 |a a z 000ay 
200 1 |a Рыжий  |e Повесть и рассказы  |e Для среднего и старшего школьного возраста  |f Ф. М. Боровский  |g авт. послесл. Д. Сергеев ; худож. М. Е. Синишина 
210 |a Иркутск  |c Восточно-Сибирское кн. изд-во  |d 1984 
215 |a 304 с.  |c ил.  |d 21 см 
610 1 |a советская литература 
610 1 |a повести 
610 1 |a рассказы 
675 |a Р2  |z rus 
700 1 |a Боровский  |b Ф. М.  |g Федор Моисеевич  |4 070 
702 1 |a Сергеев  |b Д.  |4 075 
702 1 |a Синишина  |b М. Е.  |4 440 
801 0 |a RU  |b RuMRKP  |c 19950704  |g psbo 
801 1 |a RU  |b 63413507  |c 20080320  |g PSBO 
801 2 |a RU  |b 63413507  |c 20080320  |g PSBO 
942 |c BK